| Tag |
First Indicator |
Second Indicator |
Subfields |
| LEADER |
00000ccm a2200000Ii 4500 |
| 001 |
in00002012140 |
| 005 |
20151031153821.0 |
| 008 |
740925s1960 nyucoa h n d |
| 010 |
|
|
|z 78771139
|
| 028 |
3 |
2 |
|a P6706
|b Edition Peters
|
| 028 |
3 |
0 |
|a 6706
|b Edition Peters
|
| 035 |
|
|
|a (OCoLC)ocm06645624
|
| 040 |
|
|
|a CGP
|c CGP
|d GZM
|d OCL
|d ENG
|d OCL
|d TXA
|d UtOrBLW
|
| 045 |
|
|
|a x5x5
|
| 048 |
|
|
|a ob
|b ka01
|
| 049 |
|
|
|a TXAM
|
| 090 |
|
|
|a M1010.C15
|b C6 1960
|
| 100 |
1 |
|
|a Cage, John.
|
| 240 |
1 |
0 |
|a Concerto,
|m piano, orchestra
|
| 245 |
1 |
0 |
|a Concerto for prepared piano and chamber orchestra /
|c John Cage.
|
| 264 |
|
1 |
|a [New York] :
|b Henmar Press :
|b Sole selling agents: C.F. Peters,
|c [1960]
|
| 264 |
|
4 |
|c [©1960]
|
| 300 |
|
|
|a score (67 pages) ;
|c 33 cm.
|
| 336 |
|
|
|a notated music
|b ntm
|2 rdacontent
|
| 337 |
|
|
|a unmediated
|b n
|2 rdamedia
|
| 338 |
|
|
|a volume
|b nc
|2 rdacarrier
|
| 490 |
0 |
|
|a Edition Peters ;
|v no. 6706
|
| 500 |
|
|
|a Duration: 22 min.
|
| 500 |
|
|
|a "Edition Peters, P6706."
|
| 500 |
|
|
|a On cover: Edition Peters (6706)
|
| 500 |
|
|
|a Reproduced from holograph.
|
| 500 |
|
|
|a Date in colophon: Feb. 1951.
|
| 650 |
|
0 |
|a Concertos (Piano with chamber orchestra)
|v Scores.
|
| 650 |
|
0 |
|a Prepared piano music.
|
| 994 |
|
|
|a E0
|b TXA
|
| 948 |
|
|
|a cataloged
|b h
|c 2004/12/17
|d c
|e bhartsfi
|f 8:05:00 am
|
| 999 |
|
|
|a MARS
|
| 999 |
f |
f |
|s df01c394-2679-33d0-bf41-617fe36ca6b4
|i 71009c81-4a26-30f3-ac62-b3718bd53700
|t 0
|
| 952 |
f |
f |
|p ric
|a Texas A&M University
|b Rellis Campus
|c Joint Library Facility
|d Remote Storage
|t 0
|e M1010.C15 C6 1960
|h Library of Congress classification
|i unmediated -- volume
|m A14837585729
|
| 998 |
f |
f |
|a M1010.C15 C6 1960
|t 0
|l Remote Storage
|